<?xml version="1.0" encoding="UTF-8"?>
<record
    xmlns:xsi="http://www.w3.org/2001/XMLSchema-instance"
    xsi:schemaLocation="http://www.loc.gov/MARC21/slim http://www.loc.gov/standards/marcxml/schema/MARC21slim.xsd"
    xmlns="http://www.loc.gov/MARC21/slim">

  <leader>00581nam a2200181Ia 4500</leader>
  <controlfield tag="005">20170804110726.0</controlfield>
  <datafield tag="010" ind1=" " ind2=" ">
    <subfield code="a">BAC-CH25</subfield>
  </datafield>
  <datafield tag="020" ind1=" " ind2=" ">
    <subfield code="a">9780143330196      </subfield>
    <subfield code="c">Rs.199.00</subfield>
  </datafield>
  <datafield tag="035" ind1=" " ind2=" ">
    <subfield code="a">B-667239</subfield>
  </datafield>
  <datafield tag="037" ind1=" " ind2=" ">
    <subfield code="b">Aakar/Ven</subfield>
    <subfield code="a">dpl</subfield>
  </datafield>
  <datafield tag="082" ind1=" " ind2=" ">
    <subfield code="a">S</subfield>
  </datafield>
  <datafield tag="100" ind1=" " ind2=" ">
    <subfield code="a">Divakaruni,Chitra Banerjee </subfield>
  </datafield>
  <datafield tag="245" ind1=" " ind2=" ">
    <subfield code="a">Victory song /</subfield>
    <subfield code="c">By Chitra Banerjee Divakaruni</subfield>
  </datafield>
  <datafield tag="260" ind1=" " ind2=" ">
    <subfield code="a">New delhi</subfield>
    <subfield code="b">Puffin Books</subfield>
    <subfield code="c">2014</subfield>
  </datafield>
  <datafield tag="300" ind1=" " ind2=" ">
    <subfield code="a">131p.</subfield>
    <subfield code="c">19cm(pbk)</subfield>
  </datafield>
  <datafield tag="942" ind1=" " ind2=" ">
    <subfield code="c">CH</subfield>
    <subfield code="2">ddc</subfield>
    <subfield code="m">DIV</subfield>
    <subfield code="h">S</subfield>
  </datafield>
  <datafield tag="999" ind1=" " ind2=" ">
    <subfield code="c">85652</subfield>
    <subfield code="d">85652</subfield>
  </datafield>
  <datafield tag="952" ind1=" " ind2=" ">
    <subfield code="0">0</subfield>
    <subfield code="1">0</subfield>
    <subfield code="4">0</subfield>
    <subfield code="7">0</subfield>
    <subfield code="8">FIC</subfield>
    <subfield code="a">AV</subfield>
    <subfield code="b">AV</subfield>
    <subfield code="d">2017-08-04</subfield>
    <subfield code="e">BPPD/CH-EN/2014-15/AV/16-17/373/15.2.2017/I-3322/1.3.2017/ 17.3.2017</subfield>
    <subfield code="g">199.00</subfield>
    <subfield code="l">1</subfield>
    <subfield code="o">S DIV</subfield>
    <subfield code="p">B-667239</subfield>
    <subfield code="r">2025-04-12 00:00:00</subfield>
    <subfield code="s">2025-04-02</subfield>
    <subfield code="t">1</subfield>
    <subfield code="v">199.00</subfield>
    <subfield code="w">2017-08-04</subfield>
    <subfield code="y">CH</subfield>
  </datafield>
</record>
